<?xml version="1.0" encoding="UTF-8"?>
<record
    xmlns:xsi="http://www.w3.org/2001/XMLSchema-instance"
    xsi:schemaLocation="http://www.loc.gov/MARC21/slim http://www.loc.gov/standards/marcxml/schema/MARC21slim.xsd"
    xmlns="http://www.loc.gov/MARC21/slim">

  <leader>01644nam a2200205 a 4500</leader>
  <controlfield tag="008">170223e2013    Ag ||||| |||| 00| 0 spa d</controlfield>
  <datafield tag="020" ind1=" " ind2=" ">
    <subfield code="a">9789876043595</subfield>
  </datafield>
  <datafield tag="041" ind1=" " ind2=" ">
    <subfield code="a">spa</subfield>
  </datafield>
  <datafield tag="092" ind1=" " ind2=" ">
    <subfield code="c">809.1</subfield>
    <subfield code="l">11</subfield>
    <subfield code="s">CHA</subfield>
  </datafield>
  <datafield tag="100" ind1="1" ind2=" ">
    <subfield code="a">Ch&#xE1;vez, Rodolfo</subfield>
    <subfield code="9">3204</subfield>
  </datafield>
  <datafield tag="245" ind1=" " ind2=" ">
    <subfield code="a">Cr&#xF3;nicas de tierra adentro.</subfield>
    <subfield code="b">Historias, hechos y personajes del Neuqu&#xE9;n profundo /</subfield>
    <subfield code="c">Rodolfo Ch&#xE1;vez</subfield>
  </datafield>
  <datafield tag="250" ind1=" " ind2=" ">
    <subfield code="a">1a ed.</subfield>
  </datafield>
  <datafield tag="260" ind1=" " ind2=" ">
    <subfield code="a">Neuqu&#xE9;n:</subfield>
    <subfield code="b">EDUCO:</subfield>
    <subfield code="c">2013.</subfield>
  </datafield>
  <datafield tag="300" ind1=" " ind2=" ">
    <subfield code="a">154 p.</subfield>
  </datafield>
  <datafield tag="500" ind1=" " ind2=" ">
    <subfield code="a">Ch&#xE1;vez, R. (2013). Cr&#xF3;nicas de tierra adentro. Historias, hechos y personales del Neuqu&#xE9;n profundo. (1a ed.). Neuqu&#xE9;n : EDUCO.</subfield>
  </datafield>
  <datafield tag="505" ind1=" " ind2=" ">
    <subfield code="a">"Cr&#xF3;nicas de tierra adentro, Historias, hechos y personajes del Neuqu&#xE9;n Profundo" es una selecci&#xF3;n de relatos breves, que aciertan en transmitir el color y la magia de la Patagonia, de sus ricos personajes, de sus paisajes desmesurados. Son historias de las que no se sale indemne, enamoran o indignan, despiertan sentimientos de adhesi&#xF3;n o de rechazo, hacen reflexionar y tomar posici&#xF3;n. Lejos del panfleto y de ciertos clich&#xE9;s period&#xED;sticos, Rodolfo Ch&#xE1;vez cultiva el relato y en sus cuentos los personajes hablan por si mismos. Los paisajes y costumbres son apenas pinceladas, pero certeras como un balazo. Son relatos redondos que nos hacen dudar de nuestros propios sentidos: &#xBF;Seremos suficientemente perspicaces y sensibles para apreciar la belleza que hay en los paisajes y las cosas?. Acaso el don natural de Ch&#xE1;vez es dejarse seducir por sus personajes y sacar lo mejor de ellos, lo que quiz&#xE1; no sospechan que saben o que son. </subfield>
  </datafield>
  <datafield tag="590" ind1=" " ind2=" ">
    <subfield code="a">Donacion Rodolfo Chavez 2017</subfield>
  </datafield>
  <datafield tag="655" ind1=" " ind2=" ">
    <subfield code="a">Narracion</subfield>
    <subfield code="9">3205</subfield>
  </datafield>
  <datafield tag="942" ind1=" " ind2=" ">
    <subfield code="2">ddc</subfield>
    <subfield code="c">LIT</subfield>
  </datafield>
  <datafield tag="999" ind1=" " ind2=" ">
    <subfield code="c">2326</subfield>
    <subfield code="d">2326</subfield>
  </datafield>
  <datafield tag="952" ind1=" " ind2=" ">
    <subfield code="0">0</subfield>
    <subfield code="1">0</subfield>
    <subfield code="2">ddc</subfield>
    <subfield code="4">0</subfield>
    <subfield code="7">0</subfield>
    <subfield code="8">NFIC</subfield>
    <subfield code="a">BFM</subfield>
    <subfield code="b">BFM</subfield>
    <subfield code="c">CR</subfield>
    <subfield code="d">2017-02-23</subfield>
    <subfield code="e">Donacion</subfield>
    <subfield code="l">0</subfield>
    <subfield code="o">809.1;11;CHA</subfield>
    <subfield code="p">3827</subfield>
    <subfield code="r">2017-02-23</subfield>
    <subfield code="t">Ej. 1</subfield>
    <subfield code="w">2017-02-23</subfield>
    <subfield code="y">LIT</subfield>
    <subfield code="z">Donacion Rodolfo Chavez</subfield>
  </datafield>
</record>
